Matthew Morrison Filmography - Statistics

General Stats
  • This quiz has been taken 7 times
    2 since last reset
  • The average score is 2 of 75
Answer Stats
Type Year Name % Correct
TV Show 2009-2015 Glee
100%
TV Show 2017-2018 Grey's Anatomy
50%
Theater 2007 10 Million Miles
0%
TV Film 2012 8
0%
Film 2016 After the Reality
0%
TV Show 2019 American Horror Story
0%
TV Show 2010 American Idol
0%
Theater 2005 A Naked Girl on the Appian Way
0%
TV Show 2006 As the World Turns
0%
TV Show 2009 Australian Idol
0%
Short Film 2006 Blinders
0%
Short Film 2022 BRUTAL
0%
Short Film 2011 Carpool
0%
Theater 2005 Catch Me If You Can
0%
TV Show 2020 Celebrity Supply Teacher
0%
Film 2019 Crazy Alien
0%
TV Show 2007 CSI: Miami
0%
Theater 2017 Damn Yankees
0%
Film 2007 Dan in Real Life
0%
Film 2003 Detective Fiction
0%
TV Special 2019 Disney Channel Holiday Party @ Walt Disney World
0%
TV Special 2019 Disney Parks Magical Christmas Day Parade
0%
TV Special 2020 Dr. Seuss' the Grinch Musical
0%
Theater 2015-2016 Finding Neverland
0%
Theater 1998-2000 Footloose
0%
Film 2024 From Embers
0%
TV Show 2007 Ghost Whisperer
0%
TV Show 2006 Guiding Light
0%
TV Show 2003 Hack
0%
Theater 2002-2004 Hairspray
0%
TV Show 2013, 2014 Hollywood Game Night
0%
Film 2007 I Think I Love My Wife
0%
TV Show 2006 Law & Order: Criminal Intent
0%
Film 2003 Marci X
0%
TV Show 2013 MasterChef USA
0%
TV Show 2017 Match Game
0%
TV Special 2011 Matthew Morrison Live at the Hammersmith Apollo
0%
Film 2007 Music and Lyrics
0%
TV Pilot 2007 Nice Girls Don't Get the Corner Office
0%
TV Show 2008 Numb3rs
0%
TV Documentary 2012 Out of My Dreams: Oscar Hammerstein II
0%
TV Film 2023 Paris Christmas Waltz
0%
Film 2014 Playing It Cool
0%
TV Show 2015 Project Runway
0%
TV Show 1997 Relativity
0%
TV Show 1999 Sex and the City
0%
Theater 1999-2001 Show Boat
0%
Short Film 1999 Simply Funk
0%
Theater 2008-2009 South Pacific
0%
TV Show 2022 So You Think You Can Dance
0%
Film 2014 Space Station 76
0%
TV Film 2009 Taking Chance
0%
Theater 2003-2004 Tarzan
0%
Film TBA Test
0%
TV Pilot 2004 Thank God It's Monday
0%
Web Series 2008 The Battery's Down
0%
TV Show 2011 The Cleveland Show
0%
TV Show 2011 The Glee Project
0%
TV Show 2016 The Good Wife
0%
TV Show 2019-2020 The Greatest Dancer
0%
Theater 2005-2006 The Light in the Piazza
0%
TV Show 2021 The Masked Singer
0%
Short Film 2011 The Matthew Morrison Story
0%
TV Show 2008 The Oaks
0%
Theater 2000 The Rocky Horror Show
0%
TV Show 2005 The Wonderful World of Disney
0%
TV Special 2019 The Wonderful World of Disney: Magical Holiday Celebration
0%
TV Show 2019 The X Factor: Celebrity
0%
TV Show 2010 The X Factor UK
0%
Short Film 2011 Touring
0%
Film 2017 Tulip Fever
0%
Film 2013 Underdogs
0%
Film 2012 What to Expect When You're Expecting
0%
Documentary Series 2018 Who Do You Think You Are?
0%
TV Show 2016 Younger
0%
No matching quizzes found
Score Distribution
Percent of People with Each Score
Percentile by Number Answered
Your Score History
You have not taken this quiz since the last reset